DTP a předtisková příprava kompletní průvodce od grafického návrhu po profesionální tisk
Gespeichert in:
| 1. Verfasser: | |
|---|---|
| Format: | Buch |
| Sprache: | Tschechisch |
| Veröffentlicht: |
Brno
Computer Press
2008
|
| Ausgabe: | Vyd. 1 |
| Schlagworte: | |
| Online-Zugang: | Im OPAC anzeigen |
| Tags: |
Keine Tags, Fügen Sie das erste Tag hinzu!
|
MARC
| LEADER | 00000nam a2200000 a 4500 | ||
|---|---|---|---|
| 005 | 20260127134219.0 | ||
| 008 | 080909 2008 xr 000 0 cze d | ||
| 020 | |a 9788025118818 | ||
| 035 | |a vtls009331800 | ||
| 039 | 9 | |a 200809091108 |b mschk03 |c 200809091108 |d mschk03 |y 200809091051 |z mschk03 | |
| 040 | |a STUSCHK1 |b slo |c STUSCHK1 |e AACR2 | ||
| 080 | |a 004.915 | ||
| 080 | |a 655.24/.28 | ||
| 080 | |a (035) | ||
| 100 | 1 | |a Dvořáková, Zdenka | |
| 245 | 1 | |a DTP a předtisková příprava |b kompletní průvodce od grafického návrhu po profesionální tisk | |
| 250 | |a Vyd. 1 | ||
| 260 | |a Brno |b Computer Press |c 2008 | ||
| 300 | |a 288 s. |b il. |c 23 cm | ||
| 500 | |a Technologický slovník | ||
| 650 | 0 | |a desktop publishing | |
| 650 | 0 | |a předtisková příprava | |
| 910 | |a SCHK95 | ||
| 919 | |a 978-80-251-1881-8 | ||
| 999 | |c 6873 |d 6873 | ||